| 000 | 00546nas a22001697a 4500 | ||
|---|---|---|---|
| 008 | 130522t20109999ag ||||| |||| 00| 0 spa d | ||
| 245 | _aActualizaciones Roemmers en Infectologia | ||
| 260 |
_aBuenos Aires, _bSociedad Iberoamericana de Informacion Cientifica: _c2010 |
||
| 300 | _av. : | ||
| 546 | _aespaƱol | ||
| 590 | _aIndizada en: SIIC Data Bases | ||
| 590 | _aExistencias: 2010 (1 ejemplar) | ||
| 650 |
_aINFECTOLOGIA _92006 |
||
| 650 |
_aNITAZOXANIDA _92057 |
||
| 856 | _uhttp://www.siicsalud.com/lmr/siicdatabases.php | ||
| 942 |
_2ddc _cCR |
||
| 999 |
_c1460 _d1460 |
||